[Event "AUTO-MASTER-471"]
[Site "http://www.queenalice.com/game.php?id=357663"]
[Date "2008.2.20"]
[Round "1"]
[White "DeepFalcon"]
[Black "VladimirSpirin"]
[Result "1-0"]
[WhiteElo "2125"]
[BlackElo "2064"]

1. d4 b6 2. Nf3 Bb7 3. g3 g6 4. Bg2 Bg7 5. O-O e6 6. c4 d6 7. Nc3 Nd7 8. e4 Ne7
9. Re1 h6 10. Qc2 g5 11. b4 a5 12. bxa5 Rxa5 13. Rd1 Ng6 14. Be3 O-O 15. Nd2 Qa8
16. Nb3 Ra6 17. f4 gxf4 18. gxf4 Nh4 19. Bh1 Nf6 20. Bf2 Ng6 21. Bg3 Nh5 22. Bf3
Nhxf4 23. h4 e5 24. d5 h5 25. Rd2 Bh6 26. Rh2 Bc8 27. Kh1 Kh7 28. Nc1 Bd7 29.
N1e2 Nxe2 30. Bxe2 Ra3 31. Rg1 Be3 32. Bf2 Bxf2 33. Rxf2 Nf4 34. Rxf4 exf4 35.
Rg5 f5 36. Rxh5+ Kg8 37. Rg5+ Kf7 38. e5 dxe5 39. Rxf5+ Bxf5 40. Qxf5+ Ke7 41.
Qe6+ Kd8 42. Bg4 Rxc3 43. Qd7# 1-0

[Event "AUTO-MASTER-471"]
[Site "http://www.queenalice.com/game.php?id=357664"]
[Date "2008.2.20"]
[Round "1"]
[White "VladimirSpirin"]
[Black "DeepFalcon"]
[Result "1/2-1/2"]
[WhiteElo "2030"]
[BlackElo "2128"]

1. b3 Nf6 2. Bb2 e6 3. g3 d5 4. Bg2 c5 5. e3 Nc6 6. d3 Be7 7. Ne2 O-O 8. Nd2 a6
9. h3 e5 10. g4 b5 11. Ng3 Ne8 12. e4 d4 13. a4 Be6 14. O-O Bg5 15. Nf3 Bf4 16.
Ne2 g5 17. Nxf4 gxf4 18. axb5 axb5 19. Rxa8 Qxa8 20. Qa1 Nc7 21. Qxa8 Rxa8 22.
Ra1 Rxa1+ 23. Bxa1 b4 24. Bf1 Nb5 25. Kg2 Na3 26. Ne1 Ne7 27. Be2 Ng6 28. Bd1
Nh4+ 29. Kh2 f6 30. Bb2 Nb5 31. Be2 Nc3 32. Bxc3 bxc3 33. Bd1 Kg7 34. Kg1 h5 35.
Kh2 hxg4 36. hxg4 Kg6 37. Kh3 Kg5 38. f3 Bf7 39. Kh2 1/2-1/2

[Event "Challenge"]
[Site "http://www.queenalice.com/game.php?id=363316"]
[Date "2008.2.29"]
[Round "-"]
[White "DeepFalcon"]
[Black "patoche"]
[Result "1-0"]
[WhiteElo "2118"]
[BlackElo "2060"]

1. d4 d5 2. Nf3 Nc6 3. e3 Bg4 4. c4 e6 5. Nc3 Nf6 6. cxd5 Nxd5 7. Be2 Bb4 8. Qc2
Bxf3 9. Bxf3 e5 10. O-O Nxc3 11. Bxc6+ bxc6 12. bxc3 Bd6 13. Qe4 Qf6 14. Qxc6+
Ke7 15. g3 h5 16. c4 exd4 17. exd4 h4 18. Re1+ 1-0

[Event "AUTO-MASTER-477"]
[Site "http://www.queenalice.com/game.php?id=363375"]
[Date "2008.2.29"]
[Round "1"]
[White "Ccello93"]
[Black "DeepFalcon"]
[Result "0-1"]
[WhiteElo "1988"]
[BlackElo "2153"]

1. e4 c6 2. d4 d5 3. Nc3 dxe4 4. Nxe4 Bf5 5. Ng3 Bg6 6. Nf3 Nd7 7. h4 h6 8. Bd3
Bxd3 9. Qxd3 Qc7 10. Bd2 e6 11. O-O-O O-O-O 12. Qe2 Ngf6 13. Ne5 Nb6 14. c3 c5
15. Be3 c4 16. Nf1 Kb8 17. Nd2 Rc8 18. g4 Bd6 19. f4 Nfd5 0-1

[Event "AUTO-MASTER-477"]
[Site "http://www.queenalice.com/game.php?id=363376"]
[Date "2008.2.29"]
[Round "1"]
[White "DeepFalcon"]
[Black "Ccello93"]
[Result "1-0"]
[WhiteElo "2143"]
[BlackElo "2079"]

1. d4 d5 2. Nf3 Nf6 3. c4 c6 4. Nc3 e6 5. e3 Bd6 6. Bd3 O-O 7. O-O Nbd7 8. e4
dxc4 9. Bxc4 e5 10. h3 Qe7 11. Re1 exd4 12. Nxd4 Ne5 13. Bf1 Rd8 14. Qc2 Qf8 15.
Bg5 h6 16. Bxf6 gxf6 17. Nf5 Bc7 18. Rad1 Bxf5 19. exf5 Qg7 20. Kh1 1-0

[Event "AUTO-MASTER-477"]
[Site "http://www.queenalice.com/game.php?id=363387"]
[Date "2008.2.29"]
[Round "1"]
[White "Janowisk"]
[Black "DeepFalcon"]
[Result "1-0"]
[WhiteElo "2145"]
[BlackElo "2116"]

1. d4 Nf6 2. Nf3 e6 3. Bf4 b6 4. e3 Bb7 5. Bd3 c5 6. O-O d5 7. Bb5+ Nbd7 8. c4
a6 9. Bxd7+ Nxd7 10. cxd5 exd5 11. dxc5 bxc5 12. Nc3 Nb6 13. a4 a5 14. Nb5 Rc8
15. Ne5 Be7 16. Na7 O-O 17. Nxc8 Qxc8 18. Qb3 Nd7 19. Nxd7 Qxd7 20. Qb5 Qc6 21.
Qxc6 Bxc6 22. Bc7 Ra8 23. Rfc1 Ra6 24. h3 f5 25. b3 Kf7 26. f3 Ke6 27. Kf2 Be8
28. Ra2 Kd7 29. Be5 g6 30. g4 Ke6 31. Bc7 Kd7 32. Bb8 Bf7 33. gxf5 gxf5 34. Rd2
Kc6 35. Be5 Rb6 36. Bd4 c4 37. Bxb6 1-0

[Event "AUTO-MASTER-477"]
[Site "http://www.queenalice.com/game.php?id=363388"]
[Date "2008.2.29"]
[Round "1"]
[White "DeepFalcon"]
[Black "Janowisk"]
[Result "0-1"]
[WhiteElo "2151"]
[BlackElo "2098"]

1. Nf3 Nf6 2. d4 d5 3. c4 dxc4 4. e3 Bf5 5. Bxc4 e6 6. Qb3 Nc6 7. O-O Rb8 8. Bb5
Bd6 9. Bxc6+ bxc6 10. Qa4 O-O 11. Nc3 Rb6 12. h3 Bd3 13. Re1 c5 14. Qd1 cxd4 15.
exd4 Ba6 16. Na4 Rb5 17. Nc3 Rb6 18. Na4 Rb5 19. b3 Bb7 20. Bb2 Qa8 21. Re3 Nd5
22. Rd3 Nf4 23. Re3 Rf5 24. Nc3 Nxh3+ 25. Kf1 Ba6+ 26. Ke1 Nf4 0-1

[Event "AUTO-MASTER-477"]
[Site "http://www.queenalice.com/game.php?id=363395"]
[Date "2008.2.29"]
[Round "1"]
[White "DeepFalcon"]
[Black "Bruscato"]
[Result "0-1"]
[WhiteElo "2157"]
[BlackElo "2230"]

1. d4 Nf6 2. c4 g6 3. Nf3 Bg7 4. Nc3 d6 5. e4 O-O 6. Be2 e5 7. O-O Nc6 8. d5 Ne7
9. Ne1 Ne8 10. Be3 f5 11. f3 f4 12. Bf2 g5 13. a4 h5 14. a5 Rf6 15. c5 h4 16.
Kh1 Ng6 17. b4 h3 18. gxh3 Bxh3 19. Rg1 Rf7 20. Nd3 Bf6 21. Ra2 Rh7 22. Bf1 Qc8
23. Rc2 Kh8 24. Qe2 Qd7 25. Be1 Be7 26. Nf2 Bxf1 27. Qxf1 a6 28. Nd3 Rh5 29. Nd1
Nf6 30. N1f2 Kg7 31. Ng4 Rah8 32. Rgg2 Nxg4 33. Rxg4 Qa4 34. Rgg2 Rxh2+ 35. Rxh2
Qxc2 36. Rxh8 Kxh8 37. cxd6 cxd6 38. Kg1 Kg7 39. Kh1 Qd1 40. Kg1 g4 41. fxg4
Qxg4+ 42. Qg2 Qd1 43. Qf1 Qh5 44. Qg2 f3 45. Qh2 Qg4+ 0-1

[Event "AUTO-MASTER-477"]
[Site "http://www.queenalice.com/game.php?id=363396"]
[Date "2008.2.29"]
[Round "1"]
[White "Bruscato"]
[Black "DeepFalcon"]
[Result "1/2-1/2"]
[WhiteElo "2248"]
[BlackElo "2147"]

1. e4 c6 2. d4 d5 3. e5 Bf5 4. g4 Bd7 5. Bd3 e6 6. Nf3 c5 7. c3 Qb6 8. O-O Bb5
9. Re1 Bxd3 10. Qxd3 h5 11. g5 Ne7 12. dxc5 Qxc5 13. Be3 Qc7 14. Bf4 Nd7 15. Na3
a6 16. Nd4 Nc5 17. Qh3 Ng6 18. Bc1 Qd7 19. Nac2 Ne7 20. b4 Na4 21. Bd2 g6 22.
Qg3 Bg7 23. Rac1 O-O 24. Na1 Rfc8 25. Nab3 b6 26. Rc2 Rc4 27. Qd3 Rac8 28. f4 b5
29. Na5 R4c7 30. Rec1 Rb8 31. Be3 Bf8 32. Nab3 Nc8 33. Nf3 Ncb6 34. Nbd4 Nc4 35.
Nb3 Na3 36. Rf2 Rbc8 37. Bd2 Nc4 38. Be1 Be7 39. Nbd4 Ncb2 40. Qb1 Nc4 41. Qd3
Na3 42. Nb3 Rc4 43. Bd2 Bd8 44. Nfd4 Bb6 45. Qh3 R4c7 46. Be1 Nc4 47. Rg2
1/2-1/2

[Event "AUTO-ADV-722"]
[Site "http://www.queenalice.com/game.php?id=386717"]
[Date "2008.4.12"]
[Round "2"]
[White "NatanEstivallet"]
[Black "DeepFalcon"]
[Result "0-1"]
[WhiteElo "2121"]
[BlackElo "2124"]

1. d4 Nf6 2. c4 e6 3. Nc3 Bb4 4. Qc2 d5 5. Bg5 O-O 6. e3 c5 7. Nf3 cxd4 8. exd4
Nc6 9. a3 Be7 10. Be2 a6 11. c5 h6 12. Bh4 Bd7 13. O-O Nh7 14. Bxe7 Qxe7 15. Bd3
Ng5 16. Nxg5 Nxd4 17. Bh7+ Kh8 18. Qd3 Qxg5 19. Qxd4 Kxh7 20. Rae1 a5 21. Re5
Qf6 22. Qd3+ Kg8 23. f4 g6 24. Rf3 Bc6 25. g3 Rfd8 26. Rf1 a4 27. Nb5 Ra5 28.
Nd4 Rxc5 29. Rfe1 Bd7 30. b3 Rdc8 31. b4 Rc3 32. Qd1 Rxa3 33. Qg4 Rc4 34. Nxe6
fxe6 35. Rxe6 Bxe6 36. Rxe6 Qa1+ 37. Kg2 Rc2+ 38. Kh3 Qf1+ 0-1

[Event "AUTO-ADV-722"]
[Site "http://www.queenalice.com/game.php?id=386718"]
[Date "2008.4.12"]
[Round "2"]
[White "DeepFalcon"]
[Black "NatanEstivallet"]
[Result "1-0"]
[WhiteElo "2138"]
[BlackElo "1992"]

1. d4 d5 2. Nf3 Nf6 3. c4 e6 4. Nc3 b6 5. cxd5 exd5 6. Bg5 Be7 7. Qa4+ Bd7 8.
Qc2 h6 9. Bf4 O-O 10. e3 c5 11. dxc5 bxc5 12. Be2 Bc6 13. O-O Nbd7 14. Rfd1 Nb6
15. a4 a5 16. Nb5 Bxb5 17. Bxb5 Ne4 18. Ne5 Bg5 19. Nc6 Qf6 20. Bxg5 Qxg5 21.
Re1 f5 22. f3 Nd6 23. Qxc5 Ndc4 24. b3 1-0

[Event "AUTO-ADV-722"]
[Site "http://www.queenalice.com/game.php?id=386721"]
[Date "2008.4.12"]
[Round "2"]
[White "DeepFalcon"]
[Black "cunha"]
[Result "1/2-1/2"]
[WhiteElo "2144"]
[BlackElo "2380"]

1. d4 Nf6 2. Nf3 e6 3. c4 b6 4. g3 Bb7 5. Bg2 Be7 6. O-O O-O 7. Nc3 Ne4 8. Bd2
Bf6 9. Qc2 Nxd2 10. Qxd2 d6 11. e4 Nd7 12. Rfe1 g6 13. Rad1 Bg7 14. b3 Qe7 15.
d5 a6 16. Nd4 g5 17. Nde2 Qf6 18. Rc1 g4 19. Rcd1 Ne5 20. Nb1 Rad8 21. Nd4 Qg6
22. Qe2 Ba8 23. f4 gxf3 24. Nxf3 Bf6 25. Nxe5 Bxe5 26. Nd2 Kh8 27. Nf3 Bg7 28.
Nh4 Qh6 29. Rf1 Bb7 30. Qd3 Qh5 31. Bf3 Qh6 32. Bg2 1/2-1/2

[Event "AUTO-ADV-722"]
[Site "http://www.queenalice.com/game.php?id=386722"]
[Date "2008.4.12"]
[Round "2"]
[White "cunha"]
[Black "DeepFalcon"]
[Result "1-0"]
[WhiteElo "2375"]
[BlackElo "2149"]

1. e4 c6 2. d4 d5 3. Nc3 dxe4 4. Nxe4 Bf5 5. Ng3 Bg6 6. h4 h6 7. Nf3 Nd7 8. h5
Bh7 9. Bd3 Bxd3 10. Qxd3 Qc7 11. Bd2 e6 12. O-O-O O-O-O 13. Ne4 Ngf6 14. g3 Nxe4
15. Qxe4 Nf6 16. Qe2 Bd6 17. c4 c5 18. Bc3 cxd4 19. Nxd4 a6 20. Kb1 Rhe8 21. Nb3
Qc6 22. Bxf6 gxf6 23. c5 Bf8 24. Rhe1 Rxd1+ 25. Rxd1 Rd8 26. Re1 Rd5 27. Qg4 Rg5
28. Qd4 Qf3 29. c6 Rd5 30. cxb7+ Kb8 31. Qc4 Kxb7 32. Nd4 Qxh5 33. Qc6+ Kb8 34.
Qb6+ Ka8 35. Qxa6+ Kb8 36. Qb6+ Ka8 37. Nc6 Rd1+ 38. Kc2 1-0

[Event "AUTO-MASTER-429"]
[Site "http://www.queenalice.com/game.php?id=392906"]
[Date "2008.4.24"]
[Round "2"]
[White "arauca"]
[Black "DeepFalcon"]
[Result "1-0"]
[WhiteElo "2181"]
[BlackElo "2160"]

1. e4 c6 2. d4 d5 3. e5 Bf5 4. Nc3 e6 5. g4 Bg6 6. Nge2 c5 7. h4 h6 8. Be3 Nc6
9. dxc5 Nxe5 10. Nf4 Ne7 11. Bb5+ N5c6 12. Qe2 a6 13. Bxc6+ bxc6 14. O-O-O e5
15. Nxg6 Nxg6 16. h5 Ne7 17. f4 Qc7 18. fxe5 Qxe5 19. Qf2 f6 20. Rhe1 Qc7 21.
Bf4 Qa5 22. Qe3 Ra7 23. Bd6 Kd8 24. Rd4 1-0

[Event "AUTO-MASTER-429"]
[Site "http://www.queenalice.com/game.php?id=392907"]
[Date "2008.4.24"]
[Round "2"]
[White "DeepFalcon"]
[Black "arauca"]
[Result "1/2-1/2"]
[WhiteElo "2146"]
[BlackElo "2218"]

1. d4 Nf6 2. Nf3 g6 3. c4 Bg7 4. Nc3 d5 5. Bf4 O-O 6. e3 c5 7. dxc5 Qa5 8. Rc1
dxc4 9. Bxc4 Qxc5 10. Qb3 Nc6 11. Qb5 Qxb5 12. Bxb5 Bd7 13. Ke2 a6 14. Ba4 Rac8
15. Rhd1 Rfd8 16. h3 b5 17. Bb3 Na5 18. Nd4 Nxb3 19. Nxb3 Bc6 20. Kf1 Kf8 21. g4
Ke8 22. Be5 Bf3 23. Rxd8+ Kxd8 24. Nd2 Bb7 25. Ne2 Rxc1+ 26. Nxc1 Ne8 27. Bxg7
Nxg7 28. Nd3 g5 29. f3 Kc7 30. Kf2 Ne6 31. Kg3 Kd6 32. h4 h6 33. hxg5 hxg5 34.
Kf2 Nc5 35. Ke2 e6 36. b4 Nxd3 37. Kxd3 f5 38. gxf5 exf5 39. a3 Ke5 40. Ke2 Bd5
41. Kf2 Bb7 42. Nb3 Kd5 43. Nd2 1/2-1/2

[Event "AUTO-MASTER-429"]
[Site "http://www.queenalice.com/game.php?id=392908"]
[Date "2008.4.24"]
[Round "2"]
[White "Vampyr"]
[Black "DeepFalcon"]
[Result "1-0"]
[WhiteElo "2155"]
[BlackElo "2138"]

1. e4 c6 2. Nc3 d5 3. d4 dxe4 4. Nxe4 Bf5 5. Ng3 Bg6 6. h4 h6 7. Nf3 Nd7 8. h5
Bh7 9. Bd3 Bxd3 10. Qxd3 Qc7 11. Bd2 e6 12. O-O-O O-O-O 13. Rhe1 Ngf6 14. Kb1
Bd6 15. Ne4 Nxe4 16. Qxe4 Nf6 17. Qh4 Nd5 18. Ne5 Rhe8 19. c4 Bxe5 20. Rxe5 Ne7
21. Bc3 Nf5 22. Qg4 Rd7 23. Rde1 Red8 24. Rd1 b6 25. a3 Kb7 26. Rxf5 exf5 27.
Qxg7 Qf4 28. f3 Qe3 29. d5 cxd5 30. cxd5 1-0

[Event "AUTO-MASTER-429"]
[Site "http://www.queenalice.com/game.php?id=392909"]
[Date "2008.4.24"]
[Round "2"]
[White "DeepFalcon"]
[Black "Vampyr"]
[Result "0-1"]
[WhiteElo "2127"]
[BlackElo "2166"]

1. d4 d5 2. Nf3 Nf6 3. c4 c6 4. e3 Bf5 5. Nc3 e6 6. cxd5 exd5 7. Be2 Bd6 8. Bd3
Qd7 9. Qc2 Bxd3 10. Qxd3 O-O 11. O-O Re8 12. h3 Na6 13. a3 Nc7 14. b4 Ne4 15.
Nd2 f5 16. Ndxe4 fxe4 17. Qe2 Ne6 18. Bd2 Rf8 19. f4 a6 20. g4 Rf7 21. Qg2 Raf8
22. Ne2 Qc7 23. Rac1 Qe7 24. Rb1 g6 25. a4 Ng7 26. Rfc1 h5 27. b5 axb5 28. axb5
c5 29. b6 cxd4 30. Nxd4 Bc5 0-1

[Event "AUTO-MASTER-452"]
[Site "http://www.queenalice.com/game.php?id=406070"]
[Date "2008.5.21"]
[Round "2"]
[White "DeepFalcon"]
[Black "pumamercedino"]
[Result "1/2-1/2"]
[WhiteElo "2100"]
[BlackElo "2347"]

1. d4 Nf6 2. c4 g6 3. Nc3 Bg7 4. e4 d6 5. Nf3 O-O 6. Be2 Na6 7. O-O e5 8. Re1
exd4 9. Nxd4 Nc5 10. Bf1 a5 11. f3 b6 12. Be3 Bb7 13. b3 Re8 14. Qd2 Bxe4 15.
fxe4 Nfxe4 16. Nxe4 Nxe4 17. Qc2 c5 18. Rad1 cxd4 19. Bxd4 Bxd4+ 20. Rxd4 f5 21.
Red1 Qg5 22. Qc1 Qxc1 23. Rxc1 Re6 24. g3 Kf7 25. Bg2 a4 26. Bxe4 fxe4 27. b4 e3
28. Kg2 g5 29. Re1 Kg6 30. Re2 Rc8 31. h4 h6 32. hxg5 hxg5 33. g4 Rc7 34. Kg3
1/2-1/2

[Event "AUTO-MASTER-452"]
[Site "http://www.queenalice.com/game.php?id=406071"]
[Date "2008.5.21"]
[Round "2"]
[White "pumamercedino"]
[Black "DeepFalcon"]
[Result "1-0"]
[WhiteElo "2312"]
[BlackElo "2131"]

1. d4 Nf6 2. c4 e6 3. Nc3 Bb4 4. f3 d5 5. a3 Bxc3+ 6. bxc3 O-O 7. cxd5 exd5 8.
e3 c5 9. Bd3 Nc6 10. Ne2 Re8 11. O-O cxd4 12. cxd4 Bd7 13. Rb1 b6 14. Nf4 Na5
15. g4 h6 16. Qe1 Rc8 17. Qg3 Nc4 18. g5 hxg5 19. Qxg5 Nh7 20. Qxd8 Rcxd8 21. e4
Na5 22. Nxd5 Bh3 23. Rd1 Rd6 24. Kh1 Be6 25. Nc7 Rc8 26. Nb5 Rd7 27. d5 Bh3 28.
Be3 Nf6 29. Rbc1 1-0

[Event "AUTO-MASTER-434"]
[Site "http://www.queenalice.com/game.php?id=428449"]
[Date "2008.7.6"]
[Round "2"]
[White "mds"]
[Black "DeepFalcon"]
[Result "1-0"]
[WhiteElo "2180"]
[BlackElo "2136"]

1. e4 c6 2. d4 d5 3. Nc3 dxe4 4. Nxe4 Bf5 5. Ng3 Bg6 6. Nf3 Nd7 7. h4 h6 8. h5
Bh7 9. Bd3 Bxd3 10. Qxd3 Qc7 11. Bd2 e6 12. Kf1 O-O-O 13. c4 Ngf6 14. Rh4 Bd6
15. b4 Bxg3 16. fxg3 c5 17. Bf4 Qc6 18. bxc5 Nxc5 19. Qa3 Na6 20. Rc1 1-0

[Event "AUTO-MASTER-434"]
[Site "http://www.queenalice.com/game.php?id=428450"]
[Date "2008.7.6"]
[Round "2"]
[White "DeepFalcon"]
[Black "mds"]
[Result "0-1"]
[WhiteElo "2107"]
[BlackElo "2213"]

1. d4 Nf6 2. Nf3 g6 3. c4 c5 4. d5 b5 5. cxb5 a6 6. b6 Qxb6 7. Nc3 d6 8. Nd2 Bg7
9. e4 O-O 10. Be2 Nbd7 11. Nc4 Qc7 12. O-O Nb6 13. Ne3 e6 14. a4 Rb8 15. a5 Nbd7
16. Nc4 e5 17. f4 Re8 18. f5 h6 19. fxg6 fxg6 20. Qd3 Kh7 21. Ra3 Rf8 22. Qg3
Nh5 23. Bxh5 Rxf1+ 0-1